| 000 | 00811nam a2200229 i 4500 | ||
|---|---|---|---|
| 001 | 181420 | ||
| 003 | ES-MaACL | ||
| 005 | 20240227205259.0 | ||
| 008 | 130114s2011 sp | |||||||| | spa d | ||
| 080 | _a821.111(73)-31"19" | ||
| 100 | 1 |
_aPatterson, James ( _d1947-) _9152057 |
|
| 245 | 1 | 4 |
_aLos puentes de Londres / _cJames Patterson ; [traducción de Jaume Subira Ciurana]. |
| 260 |
_a[Madrid] : _bDiario Público, _cD.L. 2011. |
||
| 300 |
_a2 v. (155, 153 p.) ; _c18 cm. |
||
| 490 | 1 | _aColección Novela negra | |
| 700 | 1 |
_aSubira Ciurana, Jaume. _9152058 |
|
| 830 | 0 |
_aNovela negra _9191448 |
|
| 852 |
_aES-MaACL _jA-12433 _pv.1 _9188320 _bR.148375 _cDEPO1 _dOlim: N-5438 |
||
| 852 |
_aES-MaACL _jA-12434 _pv.2 _9200610 _bR.148375 _cDEPO1 _dOlim: N-5439 |
||
| 942 |
_2udc _cMONOGRAFIA |
||
| 999 |
_c181420 _d181420 |
||